| 000 | 00513nam a2200169Ia 4500 | ||
|---|---|---|---|
| 999 |
_c33547 _d33547 |
||
| 003 | OSt | ||
| 005 | 20200820130321.0 | ||
| 008 | 190216s9999||||xx |||||||||||||| ||und|| | ||
| 040 | _coclc | ||
| 082 |
_a512.202453 _bJOS/E |
||
| 100 |
_aJoshi, A W _94238 |
||
| 245 | 0 |
_aElements Of Group Theory For Physicists / _cA W Joshi |
|
| 250 | _a4th Ed. | ||
| 260 |
_bNew Age International Publishers, _c2002. _aNew Delhi: |
||
| 300 | _a305p | ||
| 942 |
_cBK _2ddc _h512.202453 _iJOS/E _k512.202453 _mJOS/E |
||